000 00456nam a2200157Ia 4500
008 210716s2006 xx 000 0 und d
020 _a0749450908
041 _aeng
082 _a332.63204 PLUJ
100 _aPlummer, Tony.
245 _aForecasting financial markets: the psycology of successful investing.
_bThe psycology of successful investing.
250 _a5
260 _aNew Delhi
_bKogan Page
_c2006
300 _axiii,415
650 _aFinance
999 _c205314
_d205314